El comienzo de la existencia humana y su protección jurídica.

Zapisane w:
Opis bibliograficzny
1. autor: Novoa Aldunate, Eduardo (autor)
Format: Książka
Język:hiszpański
Wydane: Santiago, Chile Jurídica de Chile 1969
Seria:Memoria. 46
Hasła przedmiotowe:
Etykiety: Dodaj etykietę
Nie ma etykietki, Dołącz pierwszą etykiete!

MARC

LEADER 00000nam a2200000 a 4500
001 UCS0192
003 CL-VaPUC
005 20240123090156.0
008 970418e19690000CL |||||||||||||||||spa|d
999 |c 258433  |d 258431 
040 |c Pontificia Universidad Católica de Valparaíso 
082 0 4 |a 364.185 NOV 1969  |2 21 
100 |a Novoa Aldunate, Eduardo  |e autor  |9 383378 
245 1 3 |a El comienzo de la existencia humana y su protección jurídica. 
260 0 3 |a Santiago, Chile  |b Jurídica de Chile  |c 1969 
300 |a 95 páginas. 
490 0 |a Memoria.  |v 46 
583 |a last modification  |c 19970418 00:00:00  |k Rodrigo Vera 
650 0 |a Aborto  |9 256680 
650 7 |a HOMICIDIO  |2 CL-VaPUC  |9 336529 
650 0 |a Delitos  |9 224143 
650 7 |a DERECHO PENAL  |2 CL-VaPUC  |9 11 
650 7 |a FECUNDIDAD  |2 CL-VaPUC  |9 335136 
650 0 |a Reproducción  |9 269783 
650 0 |a Anticoncepción  |9 324755 
942 |c BK  |2 ddc 
945 |d 19970418 00:00:00  |a paguirre 
952 |0 0  |1 0  |2 ddc  |4 0  |6 364_185000000000000_NOV_1969  |7 0  |8 A  |9 282523  |a BIBDER  |b BIBDER  |d 2019-11-19  |i 1831593  |o 364.185 NOV 1969  |p 1831593  |r 2019-11-19  |t 2  |w 2019-11-19  |y BK  |k DER 
952 |0 0  |1 0  |2 ddc  |4 0  |6 364_185000000000000_NOV_1969  |7 0  |8 A  |9 282524  |a BIBDER  |b BIBDER  |d 2019-11-19  |i 1831607  |o 364.185 NOV 1969  |p 1831607  |r 2019-11-19  |t 3  |w 2019-11-19  |y BK  |k DER